=LDR 00000nam 2200000 4500 =001 INLIS000000000041576 =005 20130612151113 =008 ***********************************ing** =035 ##$$0010-061300000041576 =041 ##$$a ing =082 ##$$a 823.912 =090 ##$$a 823.912, Com c =100 ##$$a Susan, Dick =245 ##$$a The Complete Shorter Fiction Of Virginia Woolf =260 ##$$a 1882 $b Woolf =850 ##$$a NBPNMAT